000
00295nam a22001337a 4500
008
180316b xxu||||| |||| 00| 0 eng d
020
_a
60744
041
_a
eng
080
_2
2nd ed.
_a
781
100
_a
45
101
_a
MUZ
245
_a
Music for Sight Singing
_c
Ottman, R.W
942
_2
udc
_c
BK
999
_c
45269
_d
45269